<?xml version="1.0" encoding="UTF-8"?>
<record
    xmlns:xsi="http://www.w3.org/2001/XMLSchema-instance"
    xsi:schemaLocation="http://www.loc.gov/MARC21/slim http://www.loc.gov/standards/marcxml/schema/MARC21slim.xsd"
    xmlns="http://www.loc.gov/MARC21/slim">

  <leader>00632nam a2200169Ia 4500</leader>
  <controlfield tag="008">110201s9999    xx            000 0 und d</controlfield>
  <datafield tag="082" ind1=" " ind2=" ">
    <subfield code="b">B9021</subfield>
    <subfield code="a">KS 1351</subfield>
  </datafield>
  <datafield tag="100" ind1=" " ind2=" ">
    <subfield code="a">&#x914;&#x930;&#x902;&#x917;&#x93E;&#x92C;&#x93E;&#x926;&#x915;&#x930; &#x905;&#x928;&#x941;&#x930;&#x93E;&#x927;&#x93E;</subfield>
  </datafield>
  <datafield tag="245" ind1=" " ind2=" ">
    <subfield code="a">&#x913;&#x902;&#x91C;&#x933;&#x940;&#x924;&#x932;&#x947; &#x936;&#x93F;&#x902;&#x92A;&#x932;&#x947;</subfield>
  </datafield>
  <datafield tag="260" ind1=" " ind2=" ">
    <subfield code="b">&#x936;&#x94D;&#x930;&#x940;&#x915;&#x932;&#x94D;&#x92A; &#x92A;&#x94D;&#x930;&#x915;&#x93E;&#x936;&#x928;</subfield>
  </datafield>
  <datafield tag="365" ind1=" " ind2=" ">
    <subfield code="b">190</subfield>
  </datafield>
  <datafield tag="600" ind1=" " ind2=" ">
    <subfield code="a">&#x914;&#x930;&#x902;&#x917;&#x93E;&#x92C;&#x93E;&#x926;&#x915;&#x930; &#x905;&#x928;&#x941;&#x930;&#x93E;&#x927;&#x93E;</subfield>
  </datafield>
  <datafield tag="630" ind1=" " ind2=" ">
    <subfield code="a">&#x913;&#x902;&#x91C;&#x933;&#x940;&#x924;&#x932;&#x947; &#x936;&#x93F;&#x902;&#x92A;&#x932;&#x947;</subfield>
  </datafield>
  <datafield tag="700" ind1=" " ind2=" ">
    <subfield code="a">&#x914;&#x930;&#x902;&#x917;&#x93E;&#x92C;&#x93E;&#x926;&#x915;&#x930; &#x905;&#x928;&#x941;&#x930;&#x93E;&#x927;&#x93E;</subfield>
  </datafield>
  <datafield tag="730" ind1=" " ind2=" ">
    <subfield code="a">&#x913;&#x902;&#x91C;&#x933;&#x940;&#x924;&#x932;&#x947; &#x936;&#x93F;&#x902;&#x92A;&#x932;&#x947;</subfield>
  </datafield>
  <datafield tag="942" ind1=" " ind2=" ">
    <subfield code="c">BOOK</subfield>
  </datafield>
  <datafield tag="999" ind1=" " ind2=" ">
    <subfield code="c">834477</subfield>
    <subfield code="d">834474</subfield>
  </datafield>
  <datafield tag="952" ind1=" " ind2=" ">
    <subfield code="0">0</subfield>
    <subfield code="1">0</subfield>
    <subfield code="4">0</subfield>
    <subfield code="7">0</subfield>
    <subfield code="a">PMKV</subfield>
    <subfield code="b">PMKV</subfield>
    <subfield code="d">2011-02-01</subfield>
    <subfield code="g">190.00</subfield>
    <subfield code="l">0</subfield>
    <subfield code="p">PMKV-B9021</subfield>
    <subfield code="r">2011-02-01 00:00:00</subfield>
    <subfield code="v">190.00</subfield>
    <subfield code="w">2011-02-01</subfield>
    <subfield code="y">BOOK</subfield>
  </datafield>
</record>
